[Event "Zetters"]
[Site "Birmingham"]
[Date "1975.04.13"]
[Round "15"]
[White "Miles, Anthony J"]
[Black "Ball, Jol DL"]
[Result "1-0"]
[WhiteElo "2435"]
[BlackElo "2200"]

1.Nf3 Nf6 2.g3 g6 3.b3 b6 4.c4 c5 5.Bg2 Bb7 6.O-O Bg7 7.Bb2 O-O 8.Nc3 Ne4
9.Qc2 Nxc3 10.Bxc3 Nc6 11.Bxg7 Kxg7 12.Qc3+ f6 13.e3 Qc7 14.d4 d6 15.d5 Nd8
16.Rad1 e5 17.dxe6 Nxe6 18.Rd2 Be4 19.Rfd1 Rad8 20.h4 Qc6 21.Ne1 Bxg2 22.Nxg2 Rd7
23.Rd5 Nc7 24.R5d3 Rfd8 25.Nf4 Qf3 26.Nd5 Nxd5 27.Rxd5 Kf7 28.R1d3 Qe4 29.Qd2 Qe6
30.Kh2 Kg7 31.Qb2 Kf7 32.Kg2 Re7 33.Kg1 Red7 34.Kg2 Re7 35.Kh2 Red7 36.e4 Kf8
37.Qd2 Ke8 38.Qf4 Kf7 39.Rd1 Kg8 40.Kg2 Kg7 41.Qe3 Kf7 42.Qd3 Ke8 43.f4 Ke7
44.h5 Qg4 45.hxg6 Qxg6 46.Rh1 Kf8 47.Rdh5 Re7 48.Kf3 Rg7 49.R1h3 Rdd7 50.Rh6 Qg4+
51.Kf2 Qe6 52.R3h5 Rgf7 53.Kf3 Rg7 54.Rf5 Rg6 55.Rh3 Rgg7 56.Rh4 Ke8 57.Rfh5 Kf8
58.Rh6 Ke8 59.g4 Rdf7 60.Qd5 Qxd5 61.exd5 Kd7 62.Rh2 Kc7 63.f5 Kd7 64.Re2 Rg8
65.Re6 Rgf8 66.g5 fxg5 67.Rxd6+ Kc7 68.Rc6+ Kb7 69.f6 Rd8 70.Kg4 Rdd7 71.Kxg5 Rd8
72.Kf5 Rdd7 73.Ke6 Kb8 74.Rd6 Rc7 75.Rd8+ Kb7 76.d6  1-0

[Event "BCF-ch"]
[Site "Morecambe"]
[Date "1975.08.06"]
[Round "3"]
[White "Miles, Anthony J"]
[Black "Whiteley, Andrew J"]
[Result "1-0"]
[WhiteElo "2435"]
[BlackElo "2380"]

1.Nf3 Nf6 2.g3 g6 3.b3 Bg7 4.Bb2 d6 5.d4 e5 6.dxe5 Nfd7 7.Bg2 dxe5 8.Nfd2 Nb6
9.a4 O-O 10.a5 Nd5 11.Nc4 Nb4 12.Nxe5 Qe7 13.Nc4 Rd8 14.Qc1 Bf5 15.Ne3 Be4
16.Bxe4 Qxe4 17.O-O N8c6 18.Bxg7 Kxg7 19.Nd2 Qe6 20.Nf3 Nd5 21.Nxd5 Rxd5
22.c4 Rh5 23.Qc3+ Kg8 24.Rfd1 Re8 25.h4 Ne5 26.Ra2 Qh3 27.Rd5 Ng4 28.Rad2 Rxd5
29.Rxd5 c6 30.Rd2 h6 31.Qa1 Re5 32.Rd8+ Kh7 33.Rf8 Kg7 34.Rb8 Kh7 35.Rf8 Kg7
36.Rxf7+ Kxf7 37.Nxe5+ Nxe5 38.Qxe5 Qd7 39.Kg2  1-0

[Event "BCF-ch"]
[Site "Morecambe"]
[Date "1975.08.07"]
[Round "4"]
[White "Knox, Victor W"]
[Black "Miles, Anthony J"]
[Result "1/2-1/2"]
[WhiteElo "2320"]
[BlackElo "2435"]

1.e4 c5 2.Nf3 Nc6 3.Bb5 Qb6 4.Nc3 e6 5.O-O Nge7 6.Re1 Nd4 7.Bf1 Nec6 8.Nb1 Be7
9.c3 Nxf3+ 10.Qxf3 O-O 11.d3 f5 12.Qg3 Qd8 13.e5 b6 14.Nd2 Bb7 15.Nf3 Kh8
16.h4 Qe8 17.Bf4 Bd8 18.Be2 Ne7 19.h5 Nd5 20.Ng5 Nxf4 21.Qxf4 Bxg5 22.Qxg5 f4
23.Bg4  1/2-1/2

[Event "BCF-ch"]
[Site "Morecambe"]
[Date "1975.08.08"]
[Round "5"]
[White "Miles, Anthony J"]
[Black "Littlewood, John Eric"]
[Result "1-0"]
[WhiteElo "2435"]
[BlackElo "2340"]

1.c4 Nf6 2.g3 e5 3.d3 d5 4.cxd5 Qxd5 5.Nf3 e4 6.Nc3 Bb4 7.Qa4+ Nc6 8.Qxb4 Qe6
9.Qc5 exf3 10.Nb5 Kd8 11.Bf4 Nd5 12.e4 Nxf4 13.gxf4 Qe7 14.Qxe7+ Nxe7 15.Rg1 g6
16.Nd4 f5 17.Kd2 b6 18.Nxf3 Rf8 19.Ke3 Bb7 20.Ng5 Kd7 21.Nxh7 Rh8 22.Ng5 Rxh2
23.Nf3 Rh6 24.Ne5+ Ke6 25.f3 c5 26.d4 cxd4+ 27.Kxd4 Rc8 28.Bc4+ Kf6 29.Rad1 Rhh8
30.Ke3 Rcd8 31.Rxd8 Rxd8 32.Bf7 Bc8 33.Rc1 g5 34.fxg5+ Kxe5 35.f4+ Kd6 36.e5+ Kd7
37.Rd1+ Kc7 38.Rxd8 Kxd8 39.g6 Nxg6 40.Bxg6 Be6 41.Kf2  1-0

[Event "BCF-ch"]
[Site "Morecambe"]
[Date "1975.08.09"]
[Round "6"]
[White "Webb, Simon"]
[Black "Miles, Anthony J"]
[Result "0-1"]
[WhiteElo "2385"]
[BlackElo "2435"]

1.Nf3 Nf6 2.c4 c5 3.d4 cxd4 4.Nxd4 a6 5.Nc3 d5 6.e3 e5 7.Nf3 e4 8.Nd2 dxc4
9.Bxc4 b5 10.Be2 Bb7 11.Nb3 Nc6 12.O-O Bd6 13.Nd4 Nxd4 14.exd4 h6 15.Be3 O-O
16.Rc1 Qd7 17.a3 Rad8 18.Qd2 Qe6 19.f4 exf3 20.Bxf3 Bxf3 21.Rxf3 Ne4 22.Nxe4 Qxe4
23.Bf4 Rfe8 24.Bxd6 Rxd6 25.Rf4 Qe2 26.Rf2 Qg4 27.Rd1 Re4 28.d5 Re5 29.Rf3 Qh5
30.Rd3 Re2 31.Qc3 Rg6 32.Rg3 Rxg2+ 33.Kxg2 Qxd1 34.Qc8+ Kh7 35.Qf5 Qe2+ 36.Kg1 Qxb2
37.Rxg6 Qd4+ 38.Kg2 fxg6 39.Qe6 Qb2+ 40.Kg1 Qxa3 41.d6 Qc1+ 42.Kf2 Qd2+  0-1

[Event "BCF-ch"]
[Site "Morecambe"]
[Date "1975.08.12"]
[Round "8"]
[White "Miles, Anthony J"]
[Black "De Veauce, Louis"]
[Result "1/2-1/2"]
[WhiteElo "2435"]
[BlackElo "2270"]

1.Nf3 Nf6 2.g3 b6 3.Bg2 Bb7 4.O-O e6 5.c4 Be7 6.d3 d5 7.b3 O-O 8.Bb2 c5 9.e3 Nc6
10.Qe2 Qd7 11.Nc3 Rfd8 12.Rfd1 d4 13.exd4 Nxd4 14.Nxd4 cxd4 15.Ne4 Nxe4 16.Bxe4 Bxe4
17.Qxe4 a5 18.a3 Bc5 19.Bc1 Re8 20.Bd2 f5 21.Qe5 Qd6 22.Bf4 Qe7 23.b4 axb4
24.axb4 Bxb4 25.Rxa8 Rxa8 26.Qxd4 Bc5 27.Qe5 Qf6 28.d4 Qxe5 29.Bxe5 Rd8 30.Kf1 Bd6
31.Rb1 Bxe5 32.dxe5 Rb8 33.Rb5 Kf7 34.c5 Ke7 35.Rxb6 Rxb6 36.cxb6 Kd7 37.f4 Kc6
38.g4 g6 39.gxf5 gxf5 40.Kf2 Kxb6 41.Kg3 Kc6 42.Kh4 Kd5 43.Kg5 Ke4 44.h3 Kf3
45.Kf6 Kxf4 46.Kxe6 Kg5 47.Kd5 f4 48.e6 f3 49.e7 f2 50.h4+ Kxh4 51.e8=Q f1=Q
52.Qe7+ Kg3 53.Qg7+ Kh2 54.Qxh7+ Qh3 55.Qc2+ Qg2+ 56.Qxg2+ Kxg2  1/2-1/2

[Event "BCF-ch"]
[Site "Morecambe"]
[Date "1975.08.14"]
[Round "10"]
[White "Miles, Anthony J"]
[Black "Fuller, Maxwell L"]
[Result "1-0"]
[WhiteElo "2435"]
[BlackElo "2400"]

1.c4 g6 2.g3 c5 3.Nc3 Bg7 4.Bg2 Nc6 5.a3 a5 6.e3 Nh6 7.Nge2 Nf5 8.b3 d6 9.Bb2 e5
10.Nd5 O-O 11.Nec3 Nce7 12.b4 axb4 13.axb4 Rxa1 14.Qxa1 Nxd5 15.Nxd5 cxb4
16.Qa4 Bd7 17.Qxb4 Bc6 18.O-O Ne7 19.Ba3 Nc8 20.d3 Qd7 21.Rb1 Rd8 22.Qa5 h5
23.h4 Ne7 24.Nxe7+ Qxe7 25.Rb6 Bxg2 26.Kxg2 Qc7 27.Qb4 Bf8 28.Rxb7 Qc6+ 29.e4 d5
30.Qa5 dxe4 31.Qxd8 exd3+ 32.f3 Qxb7 33.Qxf8+ Kh7 34.Be7 Qb2+ 35.Kh3 e4 36.Qxf7+ Qg7
37.Qxg7+ Kxg7 38.Bg5 exf3 39.Kh2  1-0

[Event "BCF-ch"]
[Site "Morecambe"]
[Date "1975.08.15"]
[Round "11"]
[White "Penrose, Jonathan"]
[Black "Miles, Anthony J"]
[Result "1/2-1/2"]
[WhiteElo "2420"]
[BlackElo "2435"]

1.e4 d6 2.d4 Nf6 3.Nc3 g6 4.f4 Bg7 5.Nf3 c5 6.dxc5 Qa5 7.Bd3 Qxc5 8.Qe2 Bg4
9.Be3 Qa5 10.O-O O-O 11.h3 Bxf3 12.Qxf3 Nc6 13.a3 Nd7 14.Bd2 Qb6+ 15.Kh2  1/2-1/2

[Event "BCF-ch"]
[Site "Portsmouth"]
[Date "1976.08.17"]
[Round "8"]
[White "Bellin, Robert"]
[Black "Miles, Anthony J"]
[Result "1-0"]
[WhiteElo "2360"]
[BlackElo "2510"]

1.Nf3 Nf6 2.g3 d5 3.Bg2 c6 4.b3 Bg4 5.Bb2 Nbd7 6.O-O e6 7.d3 Be7 8.Nbd2 O-O
9.Qe1 a5 10.a3 Qb6 11.Rb1 Kh8 12.e4 Ng8 13.Kh1 f5 14.Ng1 f4 15.f3 Bh5 16.Bh3 Bf6
17.e5 Bg5 18.Bxe6 Rad8 19.Nh3 h6 20.Nxg5 hxg5 21.g4 Bg6 22.h4 Rfe8 23.Bxd7 Rxd7
24.hxg5 Re6 25.Qh4+ Bh7 26.Rf2 Rf7 27.Rh2 g6 28.d4 a4 29.bxa4 Qa6 30.Nb3 Re8
31.a5 Qc4 32.Qf2 Ne7 33.Qe2 Qxe2 34.Rxe2 Nc8 35.Nc5 Nd6 36.a4 Nc4 37.Bc3 Ree7
38.Kg1 Bg8 39.Rh2+ Bh7 40.Kf1  1-0

[Event "BCF-ch"]
[Site "Portsmouth"]
[Date "1976.08.18"]
[Round "9"]
[White "Miles, Anthony J"]
[Black "Fuller, Maxwell L"]
[Result "1/2-1/2"]
[WhiteElo "2510"]
[BlackElo "2320"]

1.d4 Nf6 2.c4 g6 3.Nc3 Bg7 4.e4 d6 5.Be2 O-O 6.Nf3 Bg4 7.Be3 Nbd7 8.O-O c5
9.d5 Qa5 10.Qc2 Rfb8 11.a3 Qd8 12.h3 Bxf3 13.Bxf3 a6 14.Be2 Ne8 15.Rfb1 Nc7
16.a4 b6 17.Ra3 Rb7 18.Qd2 Qf8 19.f4 Rab8 20.Raa1 Bf6 21.Bf3 b5 22.axb5 axb5
23.e5 Bg7 24.b4  1/2-1/2

[Event "BCF-ch"]
[Site "Portsmouth"]
[Date "1976.08.19"]
[Round "10"]
[White "Goodman, David SC"]
[Black "Miles, Anthony J"]
[Result "0-1"]
[WhiteElo "2230"]
[BlackElo "2510"]

1.d4 Nf6 2.c4 b6 3.Nf3 e6 4.g3 Bb7 5.Bg2 d5 6.Ne5 c5 7.Qa4+ Nbd7 8.cxd5 Bxd5
9.Bxd5 Nxd5 10.Nc3 Nxc3 11.bxc3 Bd6 12.O-O cxd4 13.cxd4 Bxe5 14.dxe5 O-O
15.Ba3 Nc5 16.Bxc5 bxc5 17.Rfd1 Qb8 18.f4 Qb2 19.Qc4 Rab8 20.Rac1 Rfc8 21.Rc2 Qa3
22.Rc3 Qa5 23.Rb3 g6 24.Rxb8 Rxb8 25.Rc1 Qd2 26.Rc2 Qe1+ 27.Kg2 Rb1 28.Kh3 Kg7
29.e4 Rb4 30.Qe2 Qg1 31.Qf3 Qd4 32.Qc3 Qxe4 33.Qxc5 Rb1 34.Rf2 Rg1 35.Qc2 Qh1
36.Qe2 Ra1 37.Qc2 h5 38.Qe2 Qa8 39.Qc2 h4 40.gxh4 Qd5 41.Qe2 Rd1 42.Kg4 Rd3
43.a4 Ra3 44.Rg2 f5+ 45.exf6+ Kh6  0-1

[Event "BCF-ch"]
[Site "Portsmouth"]
[Date "1976.08.20"]
[Round "11"]
[White "Povah, Nigel E"]
[Black "Miles, Anthony J"]
[Result "1/2-1/2"]
[WhiteElo "2300"]
[BlackElo "2510"]

1.e4 c5 2.Nf3 e6 3.d4 cxd4 4.Nxd4 a6 5.Bd3 Ne7 6.Be3 Nec6 7.Nb3 Be7 8.O-O O-O
9.f4 d6 10.a4 Na5 11.Nxa5 Qxa5 12.Nd2 Nc6 13.Nc4 Qc7 14.Nb6 Rb8 15.a5 Bd7  1/2-1/2

[Event "BBC TV Master Game"]
[Site "?"]
[Date "1976.??.??"]
[Round "1"]
[White "Miles, Anthony J"]
[Black "Clarke, Peter H"]
[Result "1-0"]
[WhiteElo "2510"]
[BlackElo "2350"]

1.d4 d5 2.c4 dxc4 3.Nf3 Nf6 4.e3 c5 5.Bxc4 e6 6.Nc3 a6 7.a4 cxd4 8.exd4 Be7
9.O-O Nc6 10.Re1 Nb4 11.Bg5 O-O 12.Ne5 Re8 13.Re3 Bd7 14.Qb3 a5 15.Bxf6 Bxf6
16.Nxd7 Qxd7 17.Bb5 Nc6 18.d5 exd5 19.Nxd5 Qd6 20.Rd1 Rxe3 21.Qxe3 Nb4 22.Nxf6+ Qxf6
23.Rd7 Qxb2 24.Qe7 h6 25.Qxf7+ Kh8 26.h4 Qa1+ 27.Kh2 b6 28.g3 Rc8 29.Re7 Qd4
30.Bd7  1-0

[Event "Dubna"]
[Site "Dubna"]
[Date "1976.??.??"]
[Round "?"]
[White "Averkin, Orest N"]
[Black "Miles, Anthony J"]
[Result "0-1"]
[WhiteElo "2450"]
[BlackElo "2510"]

1.d4 Nf6 2.c4 c5 3.d5 b5 4.cxb5 a6 5.bxa6 Bxa6 6.Nc3 d6 7.Nf3 g6 8.g3 Bg7
9.Bg2 Nbd7 10.O-O Nb6 11.Re1 O-O 12.e4 Nfd7 13.Qc2 Nc4 14.Rd1 Qa5 15.Nd2 Na3
16.bxa3 Qxc3 17.Qxc3 Bxc3 18.Rb1 c4 19.Nf3 Rfb8 20.Be3 Bb2 21.Nd4 c3 22.Bf1 Ne5
23.Bxa6 Rxa6 24.Nc2 Ra4 25.Kf1 Rxe4 26.Rd4 Rxd4 27.Bxd4 Ra8 28.Ke2 Nc4 29.Kd3 Nxa3
30.Re1 Kf8 31.Re2 Nb5 32.Be3 e5 33.dxe6 fxe6 34.Nd4 Nc7 35.Bh6+ Kf7 36.Nf3 Rxa2
37.Ng5+ Ke7 38.Nxh7 Nd5 39.Bg5+ Kf7 40.Bh6 c2 41.Ng5+ Ke7 42.Rxe6+ Kd7 43.Kxc2 Bf6+
44.Kb3 Rb2+ 45.Ka3 Rb5 46.Re2 Nc3 47.Rc2 Bd4 48.Rxc3 Bxc3 49.Ne4 Bd4 50.f3 d5
51.Nd2 Kc6 52.Nb3 Bc3 53.Be3 Rb8 54.Ka2 Kb5  0-1

[Event "Dubna"]
[Site "Dubna"]
[Date "1976.??.??"]
[Round "?"]
[White "Miles, Anthony J"]
[Black "Plachetka, Jan"]
[Result "1-0"]
[WhiteElo "2510"]
[BlackElo "2470"]

1.e4 c5 2.f4 Nf6 3.Nc3 d5 4.e5 d4 5.exf6 dxc3 6.fxg7 cxd2+ 7.Qxd2 Qxd2+ 8.Bxd2 Bxg7
9.O-O-O Bf5 10.Ne2 Nc6 11.Be3 Rc8 12.Ng3 Bg4 13.Rd5 Bd4 14.Bxd4 cxd4 15.Bb5 Bd7
16.Ne4 Rd8 17.Bxc6 bxc6 18.Rxd4 Bf5 19.Ra4 Rd7 20.Ng3 Be6 21.Rd1 Rc7 22.f5 Bc8
23.Rg4 e5 24.Ne4 Ke7 25.f6+ Ke6 26.h3  1-0

[Event "Dubna"]
[Site "Dubna"]
[Date "1976.??.??"]
[Round "?"]
[White "Suetin, Alexey S"]
[Black "Miles, Anthony J"]
[Result "1-0"]
[WhiteElo "2525"]
[BlackElo "2510"]

1.e4 c5 2.Nf3 e6 3.d4 cxd4 4.Nxd4 a6 5.Bd3 g6 6.O-O Bg7 7.Nf3 Ne7 8.Nc3 Qc7
9.Be3 Nbc6 10.Qd2 O-O 11.Bh6 b5 12.Rfe1 Ne5 13.Nxe5 Bxh6 14.Qxh6 Qxe5 15.f4 Qd4+
16.Kh1 b4 17.Na4 d6 18.Rad1 Qa7 19.Qh4 Rb8 20.b3 Kg7 21.Nb2 Qc7 22.Re3 Ng8
23.Rh3 h6 24.f5 Qe7 25.Qg3 e5 26.Nc4 Bb7 27.Ne3 g5 28.f6+ Qxf6 29.Nf5+ Kh7
30.Qe1 Bc8 31.Rf3 Bxf5 32.Rxf5 Qg6 33.Bxa6 Ne7 34.Rf2 d5 35.Qf1 Rb6 36.Bd3 d4
37.Ra1 Kg7 38.a4 Qd6 39.Bc4 f6 40.a5 Rbb8 41.Qe1 Qc5 42.a6 Nc6 43.Qe2 Rbc8
44.Raf1 Rc7 45.Qh5 Qd6 46.h4 Na5 47.Rf3 Nxc4 48.hxg5 f5 49.Rxf5 Rxf5 50.exf5 Ne3
51.f6+ Kf8 52.Qxh6+ Kf7 53.g6+ Ke6 54.g7 Nxf1 55.f7+ Kxf7 56.Qxd6  1-0

[Event "Haifa ol (Men)"]
[Site "Haifa"]
[Date "1976.??.??"]
[Round "?"]
[White "Miles, Anthony J"]
[Black "Timman, Jan H"]
[Result "1/2-1/2"]
[WhiteElo "2510"]
[BlackElo "2550"]

1.d4 Nf6 2.c4 e6 3.Nf3 b6 4.g3 Bb7 5.Bg2 Be7 6.O-O O-O 7.Nc3 Ne4 8.Qc2 Nxc3
9.Qxc3 c5 10.Rd1 cxd4 11.Nxd4 Bxg2 12.Kxg2 Qc8 13.Qf3 Nc6 14.Nxc6 dxc6 15.Bd2  1/2-1/2

[Event "Haifa ol (Men)"]
[Site "Haifa"]
[Date "1976.??.??"]
[Round "?"]
[White "Silva, Fernando"]
[Black "Miles, Anthony J"]
[Result "0-1"]
[WhiteElo "2340"]
[BlackElo "2510"]

1.e4 c5 2.Nf3 e6 3.d4 cxd4 4.Nxd4 a6 5.Nc3 Qc7 6.g3 Bb4 7.Ne2 Be7 8.Bg2 Nf6
9.O-O Nc6 10.b3 O-O 11.Bb2 Rb8 12.Qd2 Rd8 13.Rad1 d6 14.h3 b5 15.Nf4 Bb7
16.Rfe1 Rbc8 17.Re2 Ne5 18.Nb1 Bc6 19.Nd3 Qb7 20.Qe1 Nxd3 21.cxd3 b4 22.Nd2 d5
23.e5 Nd7 24.Nf1 Bb5 25.Ne3 a5 26.Rc2 Nc5 27.Bf1 a4 28.d4 Ne4 29.Bxb5 Qxb5
30.Rxc8 Rxc8 31.bxa4 Qxa4 32.Ra1 Bg5 33.Qd1 Qxd1+ 34.Nxd1 Rc2 35.f4 Bd8 36.Rc1 Rxc1
37.Bxc1 Nxg3 38.Bd2 Be7 39.Kg2 Nf5 40.Be3 Kf8 41.Bf2 Ke8 42.Kf3 Kd7 43.Ke2 Kc6
44.Kd3 Kb5 45.Kc2 Bh4 46.Bxh4 Nxh4 47.Ne3 Nf5  0-1

[Event "Haifa ol (Men)"]
[Site "Haifa"]
[Date "1976.??.??"]
[Round "?"]
[White "Kavalek, Lubomir"]
[Black "Miles, Anthony J"]
[Result "0-1"]
[WhiteElo "2540"]
[BlackElo "2510"]

1.d4 Nf6 2.c4 c5 3.d5 b5 4.Nf3 Bb7 5.a4 a6 6.Nfd2 bxc4 7.e4 e6 8.dxe6 dxe6
9.Nc3 Nc6 10.f3 Qc7 11.Nxc4 Rd8 12.Qc2 Be7 13.Be3 O-O 14.Qf2 Nb4 15.Rc1 Nfd5
16.exd5 exd5 17.Qg3 Qc8 18.Na5 Qe6 19.Nd1 Bc8 20.Kf2 Qb6 21.Nb3 Na2 22.Bxc5 Qxb3
23.Bd4 Bf6 24.Bxf6 Qb6+ 25.Ne3 Qxf6 26.Rc5 Qd4 27.Rc2 Rfe8 28.f4 Re4 29.Be2 Rde8
30.Rd1 Qxe3+ 31.Qxe3 Rxe3 32.Bf3 Nb4 33.Rc7 Rb3  0-1

[Event "Hastings7677"]
[Site "Hastings"]
[Date "1976.??.??"]
[Round "2"]
[White "Romanishin, Oleg M"]
[Black "Miles, Anthony J"]
[Result "1-0"]
[WhiteElo "2585"]
[BlackElo "2505"]

1.Nf3 Nf6 2.c4 b6 3.g3 Bb7 4.Bg2 e6 5.O-O d5 6.Ne5 Nbd7 7.Qa4 c5 8.Nc3 Bd6
9.cxd5 Nxd5 10.Nc4 Be7 11.e4 Nb4 12.d4 O-O 13.dxc5 Bxc5 14.Rd1 Bc6 15.Qb3 a5
16.Na4 Qf6 17.Nxc5 Nxc5 18.Qc3 Rad8 19.Be3 Qxc3 20.bxc3 Rxd1+ 21.Rxd1 Nxa2
22.Rd6 Ba8 23.f3 Na4 24.Nxb6 N4xc3 25.Bf1 Nb4 26.Bd4 Nca2 27.Bc4 Bb7 28.Rd7 Ba6
29.Bxe6 Bb5 30.Rc7 Nc6 31.Bxa2 Nxd4 32.Kf2 Nc6 33.Nd5 Ne5 34.f4 Ng6 35.Ra7 a4
36.Nc3 Bc6 37.Ke3 a3 38.Ra6 Bb7 39.Rb6 Bc8 40.Nb5 Re8 41.Nd6 Rf8 42.f5 Ne5
43.Rb5 Nc6 44.Rb3 g6 45.Rxa3 Kg7 46.Ra8 Bd7 47.f6+  1-0

[Event "Hastings7677"]
[Site "Hastings"]
[Date "1976.??.??"]
[Round "6"]
[White "Farago, Ivan"]
[Black "Miles, Anthony J"]
[Result "0-1"]
[WhiteElo "2425"]
[BlackElo "2505"]

1.d4 b6 2.c4 Bb7 3.Nc3 e6 4.e4 Bb4 5.Qc2 Qh4 6.Bd3 f5 7.g3 Qh5 8.Be2 Qf7
9.f3 fxe4 10.fxe4 Nf6 11.d5 O-O 12.Nf3 Qg6 13.Bd3 Qh5 14.O-O Na6 15.a3 Bxc3
16.bxc3 Nc5 17.Be3 Nxd3 18.Qxd3 exd5 19.exd5 Nxd5 20.cxd5 Rxf3 21.Rxf3 Qxf3
22.Rd1 Ba6 23.Qd2 Bc4 24.Bf4 d6 25.h4 Rf8 26.Kh2 Be2 27.Rg1 Re8 28.Rg2 Bc4
29.Rf2 Qe4 30.Qd4 Bxd5 31.Qxe4 Rxe4 32.h5 h6 33.g4 Rc4  0-1

[Event "Hastings7677"]
[Site "Hastings"]
[Date "1976.??.??"]
[Round "7"]
[White "Miles, Anthony J"]
[Black "Tarjan, James Edward"]
[Result "1/2-1/2"]
[WhiteElo "2505"]
[BlackElo "2505"]

1.c4 Nf6 2.Nc3 c5 3.Nf3 e6 4.e3 d5 5.d4 Nc6 6.dxc5 Bxc5 7.a3 O-O 8.b4 Bd6
9.Bb2 a6 10.Rc1 dxc4 11.Bxc4 Ne5 12.Be2 Qe7 13.Na4 Nxf3+ 14.Bxf3 Rb8 15.O-O Bd7
16.Qb3 Rfc8 17.Rxc8+ Bxc8 18.Rd1 Bd7 19.Nc5 Bc8 20.Qc3 Ne8 21.Ne4 Bc7 22.Qc5 Qxc5
23.bxc5 f6 24.Bc3 b6 25.Bh5 Bb7 26.cxb6 Bxb6 27.Bf3  1/2-1/2

[Event "Hastings7677"]
[Site "Hastings"]
[Date "1976.??.??"]
[Round "11"]
[White "Miles, Anthony J"]
[Black "Kraidman, Yair"]
[Result "1-0"]
[WhiteElo "2505"]
[BlackElo "2445"]

1.d4 Nf6 2.c4 g6 3.Nc3 Bg7 4.e4 d6 5.Be2 O-O 6.Nf3 Nc6 7.Be3 Bg4 8.O-O Re8
9.d5 Bxf3 10.Bxf3 Ne5 11.Be2 e6 12.f3 c5 13.dxc6 Nxc6 14.Bf2 Nh5 15.Qd2 f5
16.Rfd1 Be5 17.c5 dxc5 18.Qxd8 Raxd8 19.Bxc5 Bd4+ 20.Bxd4 Nxd4 21.Bc4 a6
22.a3 Kf7 23.Kf2 Nf6 24.e5 Nh5 25.g3 g5 26.Ne2 Nxe2 27.Kxe2 Ke7 28.Bb3 f4
29.g4 Ng7 30.h4 Rc8 31.Kd3 h6 32.Ke4 Red8 33.Rxd8 Rxd8 34.Rc1 Rd2 35.hxg5 hxg5
36.Rc7+ Rd7 37.Rc2 Rd1 38.Rc7+ Rd7 39.Rxd7+ Kxd7 40.Ba4+ Kc7 41.Kd4 b6 42.Bb3 Kd7
43.Bc4 b5 44.Ba2 Kc6 45.b4 Kb6 46.Bb3 Kc6 47.a4 bxa4 48.Bxa4+ Kb6 49.Kc4 a5
50.bxa5+ Kxa5 51.Bb5  1-0

[Event "Hastings7677"]
[Site "Hastings"]
[Date "1976.??.??"]
[Round "13"]
[White "Miles, Anthony J"]
[Black "Damjanovic, Mato"]
[Result "1/2-1/2"]
[WhiteElo "2505"]
[BlackElo "2430"]

1.Nf3 Nf6 2.c4 e6 3.d4 b6 4.Bg5 Bb7 5.Nc3 Be7 6.e3 Ne4 7.Nxe4 Bxe4 8.Bf4 O-O
9.Bd3 Bxd3 10.Qxd3 d6 11.O-O a5 12.Rfd1 Nd7 13.e4 Re8 14.Rac1 Qc8 15.e5 Qb7
16.Qe3 Bf8 17.Ng5 dxe5 18.dxe5 Nc5 19.Rd4 Rad8 20.Rcd1 Rxd4 21.Rxd4 Be7 22.Qd2 Qa8
23.Be3 Rd8 24.Rxd8+ Qxd8 25.Qxd8+ Bxd8 26.Bxc5 Bxg5 27.Bd4  1/2-1/2

[Event "Lone Pine"]
[Site "Lone Pine"]
[Date "1976.??.??"]
[Round "5"]
[White "Miles, Anthony J"]
[Black "Bisguier, Arthur Bernard"]
[Result "1-0"]
[WhiteElo "2510"]
[BlackElo "2440"]

1.c4 Nf6 2.Nc3 e6 3.Nf3 d5 4.d4 c6 5.cxd5 exd5 6.Bg5 Be7 7.e3 Bf5 8.Be2 Nbd7
9.O-O Ne4 10.Bxe7 Qxe7 11.Rc1 O-O 12.a3 a5 13.Qb3 Nd6 14.Na4 Bg4 15.Rfe1 Bxf3
16.Bxf3 f5 17.g3 Kh8 18.Qc2 g5 19.Be2 g4 20.Nc3 h5 21.h4 gxh3 22.Bxh5 Rf6
23.Ne2 Rh6 24.Nf4 Rg8 25.Kh2 Nf6 26.Bf3 Nde4 27.Rb1 Ng5 28.Bd1 Ng4+ 29.Bxg4 fxg4
30.Re2 Ne6 31.b4 axb4 32.axb4 Nc7 33.e4 dxe4 34.Rxe4 Qf7 35.Rbe1 Nd5 36.Re6 Rxe6
37.Rxe6 Rg5 38.Qe4 Rf5 39.Re8+ Kg7 40.Ne6+ Kh6 41.Rh8+ Kg6 42.Rf8 Nf6 43.Nf4+ Kh6
44.Qxf5  1-0

[Event "Lone Pine"]
[Site "Lone Pine"]
[Date "1976.??.??"]
[Round "6"]
[White "Benko, Pal C"]
[Black "Miles, Anthony J"]
[Result "1/2-1/2"]
[WhiteElo "2480"]
[BlackElo "2510"]

1.Nf3 Nf6 2.c4 g6 3.g3 Bg7 4.Bg2 O-O 5.O-O d5 6.cxd5 Nxd5 7.d4 Nb6 8.Nc3 Nc6
9.e3 a5 10.Qe2 e5 11.Nxe5 Nxe5 12.dxe5 Bxe5 13.Rd1 Qe7 14.e4 a4 15.a3 Be6
16.Nd5 Bxd5 17.exd5 Qf6 18.Rb1 Rfe8 19.Be3 Re7 20.Qb5 Rd8 21.b3 axb3 22.Rxb3 Nd7
23.d6 cxd6 24.Bxb7 Nf8 25.Bd5 Ne6 26.Qc4 Rc7 27.Qe4 Re7 28.a4 Nc5 29.Bxc5 dxc5
30.Rf3 Bd4 31.Rxf6 Rxe4 32.Bxe4 Bxf6 33.Rxd8+ Bxd8 34.Bd5 Kf8 35.Kf1 Ke7
36.Ke2 Bb6 37.f4 f6 38.Kd3 Kd6 39.Kc4 g5 40.Bg8 h6 41.Kb5 Kc7 42.a5 Ba7 43.fxg5 fxg5
44.Bc4 Kb7 45.Bd5+ Kc7 46.Ka6 Kb8 47.Bc4  1/2-1/2

[Event "IBM"]
[Site "Amsterdam"]
[Date "1977.??.??"]
[Round "1"]
[White "Miles, Anthony J"]
[Black "Liberzon, Vladimir M"]
[Result "1/2-1/2"]
[WhiteElo "2555"]
[BlackElo "2550"]

1.d4 Nf6 2.c4 g6 3.Nc3 Bg7 4.e4 d6 5.Be2 O-O 6.Nf3 e5 7.Be3 Ng4 8.Bg5 f6
9.Bc1 Nc6 10.h3 Nh6 11.O-O Nf7 12.Be3 b6 13.dxe5 dxe5 14.Qxd8 Nfxd8 15.c5 Ne6
16.Bc4 Na5 17.Bd5 c6 18.Bxe6+ Bxe6 19.cxb6 axb6 20.Bxb6 Rfb8 21.Bxa5 Rxa5
22.b3 Bf8 23.Rfd1 Kf7 24.Rac1 Rb7 25.Rd3 Bb4 26.Na4 c5 27.Nd2 Bxd2 28.Rxd2 c4
29.Rd6 Rba7 30.Rc3 cxb3 31.axb3 Bxb3 32.Rxb3 Rxa4 33.Rf3 Rxe4 34.Rdxf6+ Kg7
35.Re6 Rf4 36.Rxe5 Rxf3 37.gxf3 Kf6 38.Rb5 h5 39.Kg2 Ra4 40.Kg3 g5 41.Rb8 h4+
42.Kg2 Kf5  1/2-1/2

[Event "IBM"]
[Site "Amsterdam"]
[Date "1977.??.??"]
[Round "3"]
[White "Miles, Anthony J"]
[Black "Timman, Jan H"]
[Result "1/2-1/2"]
[WhiteElo "2555"]
[BlackElo "2590"]

1.Nf3 Nc6 2.d4 d5 3.Bf4 Bg4 4.e3 e6 5.h3 Bh5 6.Be2 Bd6 7.Bxd6 cxd6 8.c4 Bxf3
9.Bxf3 dxc4 10.Bxc6+ bxc6 11.Qa4 Qb6 12.Qxc4 Nf6 13.Nc3 O-O 14.O-O Rfc8 15.b3 Qb7
16.Rfd1 d5 17.Qc5 Nd7 18.Qd6 c5 19.dxc5 Nxc5 20.Rac1 Rc6 21.Qe5 Rac8 22.Qd4 Ne4
23.Ne2 h6 24.Rxc6 Rxc6 25.Rc1 Rxc1+ 26.Nxc1 Qc7 27.Qb2 h5 28.Nd3 h4 29.Qc1 Nc3
30.Qc2 e5 31.Ne1 e4 32.Qd2 Qc5 33.f3 f5 34.fxe4 f4 35.b4 fxe3 36.Qxd5+ Qxd5
37.exd5 Nxa2 38.Nc2 Kf7 39.Kf1 Kf6 40.Ke2 Ke5 41.Kxe3 Kxd5 42.Kd3 a6 43.Ne1 Nxb4+
44.Kc3 Nc6 45.Nf3 g5 46.Nxg5 Nd4 47.Kd3 Ne6 48.Nf3 Nf4+ 49.Kc3 Nxg2 50.Kb4 Kc6
51.Ka5 Kb7 52.Nd4 Ne3 53.Nf3 Nf5 54.Ne5 Nd4 55.Ng6 Nf3 56.Nf4 Ng5  1/2-1/2

[Event "IBM"]
[Site "Amsterdam"]
[Date "1977.??.??"]
[Round "4"]
[White "Torre, Eugenio"]
[Black "Miles, Anthony J"]
[Result "0-1"]
[WhiteElo "2550"]
[BlackElo "2555"]

1.e4 c5 2.Nf3 Nc6 3.Bb5 Qb6 4.Ba4 e6 5.O-O Nge7 6.c3 d5 7.d3 Bd7 8.Re1 g6
9.exd5 Nxd5 10.d4 cxd4 11.Nxd4 Bg7 12.Nxe6 Bxe6 13.Qxd5 O-O 14.Qb5 Qc7 15.Bb3 Bf5
16.Qc5 Rfe8 17.Rxe8+ Rxe8 18.Be3 Re5 19.Qc4 Bh6 20.Na3 Bxe3 21.fxe3 Rxe3
22.Nb5 Qe7 23.Rf1 Re4 24.Nd4 Nxd4 25.cxd4 Qd7 26.Rd1 Be6 27.Qd3 Bxb3 28.axb3 Qf5
29.Rf1 Qd5 30.Rd1 Rg4 31.Rd2 Qe4 32.Qxe4 Rxe4 33.d5 Kf8 34.d6 Ke8 35.Rc2 Rb4
36.Rc7 Rxb3 37.Re7+ Kf8 38.Rc7 Ke8 39.Re7+ Kd8 40.Kf2 a5 41.Rxf7 a4 42.Rxh7 Rxb2+
43.Kf3 a3 44.h4 Rb6  0-1

[Event "IBM"]
[Site "Amsterdam"]
[Date "1977.??.??"]
[Round "5"]
[White "Miles, Anthony J"]
[Black "Reshevsky, Samuel Herman"]
[Result "1-0"]
[WhiteElo "2555"]
[BlackElo "2490"]

1.e4 c5 2.f4 Nc6 3.Nf3 e6 4.Bb5 Nge7 5.O-O a6 6.Be2 g6 7.d3 Bg7 8.c3 O-O
9.Be3 b6 10.d4 f5 11.e5 Nd5 12.Bd2 cxd4 13.Nxd4 Nxd4 14.cxd4 d6 15.Nc3 dxe5
16.dxe5 Bb7 17.Bf3 Rf7 18.Nxd5 Bxd5 19.Bxd5 Qxd5 20.Be3 Qe4 21.Bxb6 g5 22.Qd6 Re8
23.Rac1 gxf4 24.Rfe1 Qb7 25.Qc6 Rb8 26.Bd4 Rd8 27.Qxb7 Rxb7 28.Rc4 Kf7 29.Bc3 Bh6
30.Rc6 Ra7 31.Kf2 Rd3 32.Rd6 Rd7 33.Rxa6 Bf8 34.Ra5 Be7 35.Rf1 Bh4+ 36.Kg1 Rd1
37.Ra4 Rxf1+ 38.Kxf1 Rd1+ 39.Ke2 Rg1 40.g3 Bg5 41.gxf4 Bh4 42.Kd3 Rh1 43.Rb4 Rxh2
44.a4 Rh1 45.a5 Rd1+ 46.Kc2 Rd7 47.a6 Bf2 48.Rb7 Ke8 49.b4 Ba7 50.Rxd7 Kxd7
51.Kd3  1-0

[Event "IBM"]
[Site "Amsterdam"]
[Date "1977.??.??"]
[Round "7"]
[White "Miles, Anthony J"]
[Black "Van Wijgerden, Cornelis"]
[Result "1/2-1/2"]
[WhiteElo "2555"]
[BlackElo "2430"]

1.c4 e5 2.Nc3 Nf6 3.Nf3 Nc6 4.e3 Bb4 5.Qc2 O-O 6.Nd5 Re8 7.Ng5 g6 8.Nxb4 Nxb4
9.Qb3 c5 10.a3 Nc6 11.d3 b6 12.Be2 Bb7 13.Bd2 d5 14.Bf3 e4 15.dxe4 dxc4 16.Qxc4 Ne5
17.Qc2 h6 18.Nh3 Nxe4 19.O-O-O Nxf3 20.gxf3 Nxd2 21.Rxd2 Qf6 22.Nf4 Bxf3  1/2-1/2